R - Things that start with the letter 'R' - Statistics

General Stats
  • This quiz has been taken 688 times
  • The average score is 10 of 20
Answer Stats
Hint Answer % Correct
'_____ and Juliet' Romeo
100%
Red gemstone, a variety of corundum Ruby
92%
The mount in South Dakota that is famous for four large heads Rushmore
87%
English King also known as 'The Lionheart' Richard
80%
Einstein's theory of 'General __________' Relativity
78%
'_____ Without a Cause', James Deans last film Rebel
72%
Monetary unit of currency in Russia Rouble
67%
'_____ Island and Providence Plantations' Rhode
63%
Smeagol's 'Preciousss' - 'The ____' Ring
62%
First name of the actor who played James Bond from 1973 - 1985 Roger
51%
The deliberate killing of a monarch Regicide
41%
It happened to East and West Germany on 3 October 1990 Reunification
37%
'________ Files', starred James Garner Rockford
35%
US political party formerly known as 'The Whig Party' Republicans
34%
'____ Music' - a band fronted by Bryan Ferry Roxy
33%
A dining room, especially in monasteries, boarding schools, and academic institutions Refectory
15%
Part of the Organized Crime Control Act of 1970 is better known as 'The ____ Act' RICO
15%
Historically in the USA, this military unit consisted of three battalions, replaced by CARS Regiment
14%
The first name in the title of the film that was a sequel to 'True Grit' Rooster
14%
American Civil War 'Battle of ________' (Kentucky) 30 August 1862 Richmond
11%
No matching quizzes found
Score Distribution
Percent of People with Each Score
Percentile by Number Answered
Your Score History
You have not taken this quiz